000 00833nas a2200277 4500
001 BR9201248
003 BR-BrBNA
005 20231205092355.0
007 ta
008 230509b bl.|||p| |||| 00| 00por d
040 _aBR-BrBNA
_bpor
_cBiblioteca Nacional de Agricultura
041 _a(Pt)
072 _aL40
100 1 _aQueiroz, G.G.
100 1 _aCardoso, F.M.
245 1 _aAvaliacao histologica do rendimento da espermatogenese de carneiros deslanados adultos
650 _aCARNEIRO
650 _aHISTOLOGIA ANIMAL
650 _aESPERMATOGENESE
650 _aTESTICULO
650 _aNUTRICAO ANIMAL
650 _aPRATICO
773 0 _tRevista Brasileira de Reproducao Animal (Brazil)
_xISSN 0102-0803
_g(1989), v. 13(2) p. 99-107
_wBR9201248
909 _a202311
_bLúcia
_c55
_dLúcia Elande
942 _2AGRIS
_n0
_cANA
999 _c131273
_d131273